=LDR 00000nam 2200000 4500 =001 NUTBA000000000000905 =005 20200420101849 =035 ##$$a 0010-041400000000175 =008 200420################g##########0#ind## =041 ##$$a Ind =082 ##$$a 2X3.4 =090 ##$$a 2x3.4, Fik j =100 1#$$a Fikri,Ali =245 1#$$a Jejak-jejak para nabi (ulul azmi) kisah-kisah terbaik, /$c Prof. Dr. Ali Fikri; penerjemah, Muzammal Noer =260 ##$$a Yogyakarta :$b Mitra pustaka,$c 2003 =300 ##$$a xvi, 230 hlm., ; $c 13 x 23 cm =650 #4$$a Cerita Nabi =850 ##$$a NBPNMAT =084 ##$$a 2X3.4 FIK j =250 ##$$a cet.1 =990 ##$$a 20707036 =990 ##$$a 1036728 =990 ##$$a 20707037